<?xml version="1.0" encoding="UTF-8"?>
<record
    xmlns:xsi="http://www.w3.org/2001/XMLSchema-instance"
    xsi:schemaLocation="http://www.loc.gov/MARC21/slim http://www.loc.gov/standards/marcxml/schema/MARC21slim.xsd"
    xmlns="http://www.loc.gov/MARC21/slim">

  <leader>00728nam a22002177a 4500</leader>
  <datafield tag="952" ind1=" " ind2=" ">
    <subfield code="a">0001</subfield>
    <subfield code="b">0001</subfield>
    <subfield code="d">2020-11-17</subfield>
    <subfield code="l">0</subfield>
    <subfield code="o">ATA 334.09561 H29a 1981</subfield>
    <subfield code="p">019743</subfield>
    <subfield code="r">2020-11-17 00:00:00</subfield>
    <subfield code="w">2020-11-17</subfield>
    <subfield code="x">Emine Ba&#x15F;ak Alkan Ba&#x11F;&#x131;&#x15F;&#x131;d&#x131;r.</subfield>
    <subfield code="y">BKS</subfield>
  </datafield>
  <datafield tag="999" ind1=" " ind2=" ">
    <subfield code="c">14213</subfield>
    <subfield code="d">14213</subfield>
  </datafield>
  <controlfield tag="003">MIRAKIL</controlfield>
  <controlfield tag="005">20201117152316.0</controlfield>
  <controlfield tag="008">201117b        tu ||||| |||| 00| 0 tur d</controlfield>
  <datafield tag="040" ind1=" " ind2=" ">
    <subfield code="a">TR-AnCHP</subfield>
    <subfield code="b">tur</subfield>
    <subfield code="c">TR-AnCHP</subfield>
  </datafield>
  <datafield tag="041" ind1=" " ind2=" ">
    <subfield code="a">tur</subfield>
  </datafield>
  <datafield tag="082" ind1=" " ind2=" ">
    <subfield code="a">ATA 334.09561</subfield>
    <subfield code="b">H29a 1981</subfield>
  </datafield>
  <datafield tag="100" ind1=" " ind2=" ">
    <subfield code="a">Hazar, Nurettin</subfield>
  </datafield>
  <datafield tag="245" ind1=" " ind2=" ">
    <subfield code="a">Atat&#xFC;rk ve kooperatif&#xE7;ilik /</subfield>
    <subfield code="c">Nurettin Hazar.</subfield>
  </datafield>
  <datafield tag="260" ind1=" " ind2=" ">
    <subfield code="a">Ankara:</subfield>
    <subfield code="b">T&#xFC;rk Kooperatif&#xE7;ilik Kurumu Yay&#x131;nlar&#x131;,</subfield>
    <subfield code="c">1981.</subfield>
  </datafield>
  <datafield tag="300" ind1=" " ind2=" ">
    <subfield code="a">68 s.:</subfield>
    <subfield code="b">fotg.,</subfield>
    <subfield code="c">23 sm.</subfield>
  </datafield>
  <datafield tag="490" ind1=" " ind2=" ">
    <subfield code="a">T&#xFC;rk Kooperatif&#xE7;ilik Kurumu Yay&#x131;nlar&#x131;;</subfield>
    <subfield code="v">45.</subfield>
  </datafield>
  <datafield tag="500" ind1=" " ind2=" ">
    <subfield code="a">IX. T&#xFC;rk kooperatif&#xE7;ilik kongresi</subfield>
  </datafield>
  <datafield tag="600" ind1=" " ind2=" ">
    <subfield code="a">Atat&#xFC;rk, Mustafa Kemal</subfield>
    <subfield code="d">1881-1938</subfield>
    <subfield code="x">Kooperatif&#xE7;ilik</subfield>
  </datafield>
  <datafield tag="650" ind1=" " ind2=" ">
    <subfield code="a">Kooperatif&#xE7;ilik</subfield>
    <subfield code="x">Tarih</subfield>
    <subfield code="z">T&#xFC;rkiye</subfield>
  </datafield>
  <datafield tag="942" ind1=" " ind2=" ">
    <subfield code="2">ddc</subfield>
    <subfield code="c">BKS</subfield>
  </datafield>
</record>
